Picture Click: Married With Children: Old Aid Band Quiz Stats

 Plays Quiz not verified by Sporcle

Score 0/7 Timer 02:00
0 Plays Today
% Correct
Axel Bundy
93.8%
Peter Noone
72%
John Sebastian
71.7%
Mark Lindsay
61.9%
Richie Havens
60.9%
Spencer Davis
59.6%
Robby Krieger
59.3%

You're not logged in!

Compare scores with friends on all Sporcle quizzes.
OR
Log In

You Might Also Like...

Show Comments

Extras

Top Quizzes Today


Score Distribution

Your Account Isn't Verified!

In order to create a playlist on Sporcle, you need to verify the email address you used during registration. Go to your Sporcle Settings to finish the process.

Report this User

Report this user for behavior that violates our Community Guidelines.

Details: